Трудовое право: учебное пособие

Detalhes bibliográficos
Autor principal: Бердычевский В. С. Виктор Семенович
Outros Autores: Акопов Д. Р. Дмитрий Рубенович, Сулейманова Г. В. Галия Валиахметовна
Resumo:Учебное пособие подготовлено в соответствии с государственным образовательным стандартом Министерства образования и науки РФ. Его структура и содержание отвечают программе учебного курса « Трудовое право». Второе издание подготовлено с учетом последних изменений в трудовом законодательстве и судебной практике. Учебное пособие состоит из двух частей — Общей и Особенной. В Общей части излагаются понятие, предмет, метод, основные принципы трудового права, его источники, субъекты; правовое положение профсоюзов, социальное партнерство в сфере труда. Особенная часть соответствует основным институтам трудового права: трудовой договор, рабочее время и время отдыха, оплата и нормирование труда, гарантии и компенсации, дисциплина труда, охрана труда, материальная ответственность сторон трудового договора, особенности регулирования труда отдельных категорий работников, рассмотрение индивидуальных и коллективных трудовых споров. Подчеркивается значение трудового права как механизм защиты прав и законных интересов работников. Для студентов, аспирантов и преподавателей юридических факультетов и вузов, а также для профсоюзных активистов, предпринимателей, государственных и муниципальных служащих, работников кадровых служб организаций и различных хозяйствующих субъектов.
Idioma:russo
Publicado em: Ростов-на-Дону, Феникс, 2009
Edição:2-е изд., перераб. и доп.
Colecção:Высшее образование
Assuntos:
Formato: Livro
KOHA link:https://koha.lib.tpu.ru/cgi-bin/koha/opac-detail.pl?biblionumber=158216

MARC

LEADER 00000nam0a2200000 4500
001 158216
005 20231031154316.0
010 |a 9785222143964  |b (в пер.)  |b 3000 экз. 
021 |a RU  |b 09-28594  |9 09-1712 
035 |a (RuTPU)RU\TPU\book\171596 
090 |a 158216 
100 |a 20090427d2009 m y0rusy5002 ca 
101 0 |a rus 
102 |a RU 
105 |a y j 001zy 
200 1 |a Трудовое право  |e учебное пособие  |f В. С. Бердычевский, Д. Р. Акопов, Г. В. Сулейманова 
205 |a 2-е изд., перераб. и доп. 
210 |a Ростов-на-Дону  |c Феникс  |d 2009 
215 |a 507 с. 
225 1 |a Высшее образование 
320 |a Библиогр.: с. 496-498. 
320 |a Глоссарий: с. 475-483. 
330 |a Учебное пособие подготовлено в соответствии с государственным образовательным стандартом Министерства образования и науки РФ. Его структура и содержание отвечают программе учебного курса « Трудовое право». Второе издание подготовлено с учетом последних изменений в трудовом законодательстве и судебной практике. Учебное пособие состоит из двух частей — Общей и Особенной. В Общей части излагаются понятие, предмет, метод, основные принципы трудового права, его источники, субъекты; правовое положение профсоюзов, социальное партнерство в сфере труда. Особенная часть соответствует основным институтам трудового права: трудовой договор, рабочее время и время отдыха, оплата и нормирование труда, гарантии и компенсации, дисциплина труда, охрана труда, материальная ответственность сторон трудового договора, особенности регулирования труда отдельных категорий работников, рассмотрение индивидуальных и коллективных трудовых споров. Подчеркивается значение трудового права как механизм защиты прав и законных интересов работников. Для студентов, аспирантов и преподавателей юридических факультетов и вузов, а также для профсоюзных активистов, предпринимателей, государственных и муниципальных служащих, работников кадровых служб организаций и различных хозяйствующих субъектов. 
451 1 |0 (RuTPU)RU\TPU\book\46664  |y 5-222-02569-1  |t Трудовое право  |o учебное пособие  |f В. С. Бердычевский, Д. М. Акопов, Г. В. Сулейманова  |g Под ред. В. С. Бердычевского  |c Ростов-на-Дону  |n Феникс  |d 2002  |p 512 с.  |s Высшее образование  |a Бердычевский, Виктор Семенович 
606 0 |a Трудовое право Российской Федерации  |x Учебники и пособия  |2 RuMRKP 
606 1 |a Трудовое право   |2 stltpush  |3 (RuTPU)RU\TPU\subj\61983 
610 1 |a право 
610 1 |a труд 
610 1 |a Российская Федерация 
610 1 |a работники 
610 1 |a работодатели 
610 1 |a профсоюзы 
610 1 |a социальное партнерство 
610 1 |a трудовой договор 
610 1 |a рабочее время 
610 1 |a отдых 
610 1 |a оплата труда 
610 1 |a заработная плата 
610 1 |a компенсации 
610 1 |a дисциплина труда 
610 1 |a охрана труда 
610 1 |a материальная ответственность 
610 1 |a правовое регулирование 
610 1 |a женщины 
610 1 |a совместители 
610 1 |a трудовые споры 
610 1 |a тесты 
610 1 |a учебные пособия 
686 |a Х627я73  |v LBC/SL-A  |2 rubbk 
700 1 |a Бердычевский  |b В. С.  |g Виктор Семенович  |4 070 
701 1 |a Акопов  |b Д. Р.  |g Дмитрий Рубенович  |4 070 
701 1 |a Сулейманова  |b Г. В.  |g Галия Валиахметовна  |4 070 
801 1 |a RU  |b 63413507  |c 20090420  |g PSBO 
801 2 |a RU  |b 63413507  |c 20210204  |g PSBO 
900 |a Трудовое законодательство 
900 |a Правоведение 
942 |c BK 
955 |d Трудовое право 
959 |a 51/20090420  |d 7  |e 0  |f АНЛ:1  |f ЧЗГЛ:1  |f УФ:5